000 00535nam a2200193Ia 4500
005 20250923144720.0
008 008 250917s9999 xx 000 0 eng d
037 _aTextual
040 _aDSWL
_beng
_cDSWL
041 _aeng
_2eng
084 _aY1:671, J8
_qDSWL
100 _aKiser
_9827673
245 0 _aSocial and psychological factors fertility
_cby Kiser
260 _aNew York
_bMill Bank Mamorial Fund
_c1958
300 _a47p.
365 _aINR
942 _cTEXL
_hY1:671, J8
999 _c1442422
_d1442422